000 00518nam a22001817a 4500
005 20251108165916.0
008 250721s9999 xx 000 0 ara d
082 1 4 _aط/599/داف
100 1 _aدافرن، جان
245 1 0 _aمن أنت أيها الببر /
264 1 _aبيروت :
_bمكتبة سهيل،
_c[19-].
300 _a12ص : مص
490 0 _aسلسلة حيوانات طليقة
650 1 7 _aالببر
700 1 _aسماحة، سهيل
_eترجمة
942 _2ddc
_cBK
999 _c34513
_d34513